000 01428cam a22003857a 4500
003 CHAP
005 20220329134809.0
008 971013s1976 r 00010 d
010 _a26109
011 _a27081
035 _a31182
040 _cCHAP
082 _a634.9
_bB8
100 0 0 _aBurley, J.
_916222
245 1 2 _aA manual on species and provenance research with particular reference to the tropics
260 _aOxford :
_bCommonwealth Forestry Institute,
_c1976
300 _a226 p.
490 0 _aTropical forestry papers
_v; 10
500 _aSuppl. Oxford, Commonwealth Forestry Institute, 1977,63 p.
590 _aBATCH-UPD
_b10
_c20130109
_lUCH01
_h2358
590 _aBATCH-UPD
_b10
_c20130110
_lUCH01
_h1617
590 _aBATCH-UPD
_b10
_c20130410
_lUCH01
_h1012
590 _aBATCH-UPD
_b10
_c20130914
_lUCH01
_h0710
590 _aCONVERSION
_b10
_c20130109
_lUCH01
_h1315
650 1 4 _aBosques
_xClasificación.
_914110
650 1 4 _aBosques
_xTrópicos.
_914401
700 0 _aWood, P. I.
_9122527
830 0 _aTropical forestry papers
_v; 10
_9115311
901 _aBK
942 _cLIBRO
949 _a634.9 B8
_bBC
_cLIBRO
_d33724000218046
_eLIBRO
_fSupl.
_h56754
_i31182
_si
949 _a634.9 B8
_bBC
_cLIBRO
_d33724000222410
_eLIBRO
_h56752
_i31182
_si
949 _a634.9 B8
_bBC
_cLIBRO
_d33724000222469
_eLIBRO
_fc.2
_h56753
_i31182
_si
949 _a634.9 B8
_bBC
_cLIBRO
_d33724000222477
_eLIBRO
_fSupl. c.2
_h56755
_i31182
_si
999 _c26109
_d26109